000 00716cab a2200229 4500
001 WB3235-15
008 090401t1996 xxu||||| |||| 00| 0 eng d
035 _a(Sirsi) u1369
041 _aeng
245 _aBoost number of women in construction
260 _c1996
350 _a0
490 _aFarmer`s Guardian
_v125 (11) 13 September 1996, (1)
520 _aThe Construction Industry Board is targeting top construction companies in a drive to improve representation of women throughout the industry.
650 _aCONSTRUCTION INDUSTRY BOARD
650 _aCONSTRUCTION INDUSTRY
650 _aEQUAL OPPORTUNITIES
650 _aWOMEN
690 _aECONOMIC AND SOCIAL
942 _n0
948 _c04/03/1997
999 _c753
_d753